Planeación, seguimiento y evaluación de la investigación agropecuaria: experiencias en las américas : informe del taller regional, CIMMYT, méxico, 15-22 de octubre, 1992 /

Guardado en:
Autor Principal: Uribe, Beatriz.
Otros Autores: Horton, Douglas.
Formato: Libro
Idioma:Spanish
Materias:
Etiquetas: Agregar Etiqueta
Sin Etiquetas, Sea el primero en etiquetar este registro!
LEADER 00614nam a22001455a 4500
001 EEA.libagro005179
005 20181002092922.0
008 130809s1993####ne#a##########000#0#spa#d
082 0 4 |a 630.7208 
100 1 |a Uribe, Beatriz. 
245 1 0 |a Planeación, seguimiento y evaluación de la investigación agropecuaria: experiencias en las américas :  |b informe del taller regional, CIMMYT, méxico, 15-22 de octubre, 1992 /  |c Beatriz Uribe, Douglas Horton. 
300 |a 131 p. :  |b ilus. ;  |c 28,5 cm. 
653 |a Instituciones de investigacion 
700 1 |a Horton, Douglas. 
859 |a AR-BbBCA  |b BIB. AGRONOMIA  |h 630.7208  |i U76-1  |p 1995/2450